000 01003nam a22003617a 4500
001 BR7801264
003 BR-BrBNA
005 20230928085535.0
007 ta
008 230509b bl.||||| |||| 00| 0 por d
040 _aBR-BrBNA
_bpor
_cBiblioteca Nacional de Agricultura
041 _a(Por)
072 _aQ10
_b9400
_b/G514
090 _ 9400 BR7801264
110 1 _aBanco de Desenvolvimento de Minas Gerais, Belo Horizonte (Brasil)
_91074
245 1 _aFicha tecnica, setor de laticinios, Minas Gerais [tecnologia de alimento, Brasil]
260 3 _aBelo Horizonte, MG (Brasil):
_c1977.
300 _a74 p.
500 _a4 illus.; 9 tables; 15 ref.
650 _aINDUSTRIA ALIMENTICIA
650 _aLATICINIO
650 _aLEITE
650 _aMANTEIGA
650 _aQUEIJO
650 _aLEITE EM PO
650 _aIOGURTE
650 _aEQUIPAMENTO
650 _aINSUMO
650 _aMERCADO
650 _aMINAS GERAIS
909 _a202309
_bLucia
_c55
_dLucia Elande
942 _cBK
999 _c24991
_d24991